000 00211 a2200097 4500
001 48907
100 _aIshtiaq H Qur
245 _aUlema in Politics
260 _aPeshawar
_bFeroz sons
_c
090 _c31799
_d31799
942 _aNUST-CAE
_cM
_c24223
999 _c283980
_d283980